000 00453nam a2200157Ia 4500
008 210210b1973 xxu||||| |||| 00| 0 eng d
082 _a658.8 GRER
100 _aGREEN (Paul E) and TULL (Donald S).
245 _aResearch for marketing decisions. Ed 2.
250 _a
260 _aNew Delhi.
_bPrentice-Hall of India Private Limited
_c1973
300 _axii,644
650 _aMarketing Research
690 _aMarketing Management
906 _a033601
999 _c84470
_d84470